| Tag |
First Indicator |
Second Indicator |
Subfields |
| LEADER |
00000cam a2200000 a 4500 |
| 001 |
in00000952949 |
| 005 |
20150925144624.0 |
| 007 |
hd afv|||baca |
| 007 |
hd bfv|||baaa |
| 008 |
850508s1683 miu a 00000 eng d |
| 035 |
|
|
|a (OCoLC)12010632
|
| 035 |
|
|
|9 AES7148AM
|
| 037 |
|
|
|a CL0037000015
|b University Microfilms International
|
| 037 |
|
|
|a CL0037000036
|b University Microfilms International
|
| 037 |
|
|
|b University Microfilms International, 300 N. Zeeb Rd., Ann Arbor, MI 48106
|
| 040 |
|
|
|a EAA
|c EAA
|d m/c
|d UMI
|d EAA
|d UMI
|d UtOrBLW
|
| 049 |
|
|
|a TXAI
|
| 090 |
|
|
|a BV4817
|b .W54
|
| 099 |
|
|
|a film
|a B
|a 3609
|
| 100 |
1 |
|
|a Williams, John,
|d 1636?-1709.
|
| 245 |
1 |
4 |
|a The case of indifferent things used in the worship of God :
|b proposed and stated by considering these questions : Qu. I. Whether things indifferent, though not prescribed, may be lawfully used in divine worship? (or, whether there be any things indifferent in the worship of God?) Qu. II. Whether a restraint of our liberty in the use of such indifferent things be a violation of it?
|
| 264 |
|
3 |
|a London :
|b Printed by T. Moore, & J. Ashburne, for Fincham Gardiner ...,
|c 1683.
|
| 300 |
|
|
|a 2 unnumbered pages, 49 pages
|
| 336 |
|
|
|a text
|b txt
|2 rdacontent
|
| 337 |
|
|
|a microform
|b h
|2 rdamedia
|
| 338 |
|
|
|a microfilm reel
|b hd
|2 rdacarrier
|
| 500 |
|
|
|a Attributed to Williams by Wing and NUC pre-1956 imprints.
|
| 500 |
|
|
|a Attributed also to Edward Bagshaw. Cf. NUC pre-1956.
|
| 500 |
|
|
|a Copy on reel 528:1 is sixth item in volume 1 of: A collection of cases and other discourses / by some divines of the city of London.
|
| 500 |
|
|
|a Reproduction of originals in the Bristol Public Library, Bristol, England, and the Huntington Library.
|
| 510 |
4 |
|
|a Wing
|c W2690
|
| 533 |
|
|
|a Microfilm.
|b Ann Arbor, Mich. :
|c University Microfilms,
|d 1975, 1980.
|e 1 microfilm reel : 35 mm.
|f (Early English books, 1641-1700 ; 528:1 and 1109:32)
|
| 500 |
|
|
|a Microform.
|
| 650 |
|
0 |
|a Worship
|x Early works to 1800.
|
| 650 |
|
0 |
|a God
|x Worship and love
|x Early works to 1800.
|
| 650 |
|
0 |
|a Theology, Doctrinal
|x History
|y 17th century.
|
| 700 |
1 |
|
|a Bagshaw, Edward,
|d 1629-1671.
|
| 830 |
|
0 |
|a Early English books, 1641-1700 ;
|v 528:1.
|
| 830 |
|
0 |
|a Early English books, 1641-1700 ;
|v 1109:32.
|
| 999 |
|
|
|a MARS
|
| 999 |
f |
f |
|s 0e847381-528b-32ad-b83d-e6897782c8da
|i a9cc5bc0-b749-3f9a-a80d-3d2044bd4740
|t 0
|
| 952 |
f |
f |
|p default
|a Texas A&M University
|b College Station
|c Sterling C. Evans Library
|d Evans: Microforms (3rd floor)
|t 0
|e film B 3609 528:1
|h Other scheme
|i microform -- microfilm reel
|
| 952 |
f |
f |
|p default
|a Texas A&M University
|b College Station
|c Sterling C. Evans Library
|d Evans: Microforms (3rd floor)
|t 0
|e film B 3609 1109:32
|h Other scheme
|i microform -- microfilm reel
|
| 998 |
f |
f |
|a film B 3609 1109:32
|t 0
|l Evans: Microforms (3rd floor)
|
| 998 |
f |
f |
|a film B 3609 528:1
|t 0
|l Evans: Microforms (3rd floor)
|